Gminy powiatu Mieleckiego - Statystyki

Ogólne statystyki
  • Ten quiz został rozwiązany 116 razy
  • Średni wynik to 6 z 9
Statystyki odpowiedzi
Gmina % Poprawnych
Mielec
93%
Przecław
73%
Radomyśl Wielki
68%
Borowa
64%
Czermin
64%
Padew Narodowa
61%
Tuszów Narodowy
61%
Wadowice Górne
61%
Gawłuszowice
41%
Nie znaleziono quizów pasujących do podanych kryteriów
Rozkład punktacji
Procent ludzi z każdym wynikiem
Percentyl według liczby udzielonych odpowiedzi
Twoja historia wyników
Nie rozwiązałeś tego quizu